01150nam a2200301Ia 450000500170000000800410001702000180005808200170007610000250009324501570011825000450027530000730032049000160039350000210040953400280043065000330045865000350049165000460052665000290057270000290060170000310063070000330066126400310069433600270072533700330075233800280078504000350081320220317001453.0161108s2012 s ao g 000 0 s  a978849892467104a321.03bB87i1 aBurbank, Janed1946-10aImperiosbuna nueva visión de la historia universalcJane Burbank y Frederick Cooper ; traducción castellana de Juan Rabasseda y Teófilo de Lozoya aPrimera edición, tercera reimpresión a699 páginasbilustraciones, fotografías en blanco y negroc23 cm aSerie mayor aIncluye índice tEmpires in word history142LEMBaImperialismoxHistoria142LEMBaColonizaciónxHistoria142LEMBaPoder (Ciencias sociales)xHistoria142LEMBaHistoria universal1 aCooper, Frederickd1947-1 aRabasseda, Juanetraductor1 aLozoya, Teófilodtraductor aBarcelonabCríticac2012 atextobtxt2rdacontent asin mediaciónbn2rdamedia avolumenbnc2rdacarrier aCO-BoRNBPbspaerdacCO-BoRNBP